000
00340 a2200157 4500
001
70865
020
_a
8526212184
040
_c
Anchieta - Itaigara
100
_a
Machado,Nílson josé
240
1
0
_a
Lógica? É lógico!
_l
por
245
1
0
_a
Lógica? É lógico!
300
_a
35
362
0
_a
2000
650
4
_a
Matemática
942
_c
BK
999
_c
70865
_d
70865